• 首页
  • 本馆介绍
  • 公告通知
  • 最新文献
  • 馆藏检索
  • 电子资源
  • 读者导购
  • 参考咨询
  • 我的图书馆
  • 登录
  • 详细信息显示
  • 放入我的书架
  • 预约/预借图书
  • 作者相关作品
  • 分类相关作品
  • 丛书相关作品
  • 出版社相关作品

书目信息

  • 表格格式
  • 工作单格式
  • 卡片格式
题名:
景观设计
    
 
作者: 庞勇奇 , 刘彦 主编
分册:  
出版信息: 南京   南京大学出版社  2020.1
页数: 106页
开本: 29cm
丛书名:
单 册:
中图分类: TU983
科图分类:
主题词: 景观设计--高等学校--教材
电子资源:
ISBN: 978-7-305-19198-5
000 01008nam0 2200289 45
001 012001000660
005 20140911164858.0
010    @a978-7-305-19198-5@dCNY45.00
100    @a20171121d2017 em y0chiy50 ea
101 0  @achi
102    @aCN@b320000
105    @aa z 000yy
106    @ar
200 1  @a景观设计@Ajing guan she ji@f庞勇奇,刘彦主编
210    @a南京@c南京大学出版社@d2020.1
215    @a106页@c图@d29cm
300    @a高等院校信息化教学“十三五”规划教材
300    @a并列题名:Landscape design
312    @a封面英文题名:Landscape design
330    @a本书共八章,分别介绍了景观设计概论、景观设计理论、景观设计制图、景观设计要素、景观设计的程序及方法、城市新区综合景观设计、“美丽乡村”景观规划设计、城市住宅区景观设计。
510 1  @aLandscape design@zeng
606 0  @a景观设计@x高等学校@j教材
690    @aTU983@v5
701  0 @a庞勇奇@Apang yong qi@4主编
701  0 @a刘彦@Aliu yan@c(教师)@4主编
801  0 @aCN@bBJSDL@c20211011
905    @b1331919-22@dTU983@e1861@f4
    
    景观设计/庞勇奇,刘彦主编.-南京:南京大学出版社,2020.1
    106页:图;29cm
    高等院校信息化教学“十三五”规划教材.-并列题名:Landscape design
    
    ISBN 978-7-305-19198-5:CNY45.00
    本书共八章,分别介绍了景观设计概论、景观设计理论、景观设计制图、景观设计要素、景观设计的程序及方法、城市新区综合景观设计、“美丽乡村”景观规划设计、城市住宅区景观设计。
●
相关链接 在E读中查询图书 在五车中查询图书 在当当中查询图书 在豆瓣中查询图书


正题名:景观设计     索取号:TU983/1861         预约/预借

序号 登录号 条形码 馆藏地/架位号 状态 备注
1 1331919   213319194   第二样本阅览室/ [索取号:TU983/1861] 在馆    
2 1331920   213319201   第三借阅区/ [索取号:TU983/1861] 在馆    
3 1331921   213319210   第三借阅区/ [索取号:TU983/1861] 在馆    
4 1331922   213319229   第三借阅区/ [索取号:TU983/1861] 在馆    
唐山师范学院图书馆 欢迎您!
大连网信软件有限公司© 版权所有